[Event "11. Abierto de la Constitucion"]
[Site "S.S. de los Reyes ESP"]
[Date "2009.12.04"]
[Round "5.9"]
[White "Sanchez Delgado, Lidia"]
[Black "Vidaurre Vargas, Luis Alberto"]
[Result "0-1"]
[WhiteElo "2020"]
[BlackElo "1879"]
[PlyCount "68"]
[EventDate "2009.11.30"]
[EventType "swiss"]
[EventRounds "9"]
[EventCountry "ESP"]
[Source "lmi"]
[SourceDate "2009.11.30"]

1. e4 c5 2. Nc3 Nc6 3. d3 Nf6 4. g3 e6 5. Bg2 Be7 6. f4 d6 7. Nf3 d5 8. e5 Ng4
9. Ne2 d4 10. c3 dxc3 11. bxc3 O-O 12. h3 Nh6 13. Be3 Bd7 14. Qc2 Qa5 15. O-O
Rac8 16. Qb3 b5 17. Rfd1 Rfd8 18. d4 c4 19. Qb2 b4 20. Nd2 bxc3 21. Qxc3 Qxc3
22. Nxc3 Nb4 23. Rab1 Nf5 24. Bf2 Nd3 25. Rb7 Bb4 26. Nde4 Rb8 27. Rxb8 Rxb8
28. g4 Nxf2 29. Kxf2 Bxc3 30. gxf5 Rb2+ 31. Kg1 Bb4 32. Rc1 exf5 33. Nd6 c3 34.
a3 c2 0-1

[Event "11. Abierto de la Constitucion"]
[Site "S.S. de los Reyes ESP"]
[Date "2009.12.04"]
[Round "5.10"]
[White "Nieto Esteban, Manuel"]
[Black "Esquivias Gomez, Fco. Javier"]
[Result "0-1"]
[WhiteElo "1801"]
[BlackElo "2004"]
[PlyCount "96"]
[EventDate "2009.11.30"]
[EventType "swiss"]
[EventRounds "9"]
[EventCountry "ESP"]
[Source "lmi"]
[SourceDate "2009.11.30"]

1. d4 c5 2. d5 e5 3. e4 d6 4. c4 g6 5. Nc3 Bg7 6. Be2 h5 7. Nf3 a6 8. a4 Ne7 9.
a5 Nd7 10. Qc2 O-O 11. O-O Nf6 12. Bg5 Nh7 13. h4 f6 14. Be3 Bg4 15. Qd2 Bxf3
16. Bxf3 f5 17. Bh6 Bxh6 18. Qxh6 f4 19. g4 Kh8 20. g5 Qe8 21. Bxh5 gxh5 22.
Qxd6 Ng6 23. f3 Nxh4 24. Kf2 Ng6 25. Rh1 h4 26. Qxc5 Rg8 27. Rag1 Rc8 28. Qb4
Rg7 29. Na4 Nhf8 30. b3 Rcc7 31. Rd1 Qb8 32. c5 Rc8 33. Nb6 Rd8 34. Nc4 Qc7 35.
Nd6 Rh7 36. Rc1 Qe7 37. Nf5 Qxg5 38. Rhg1 Qf6 39. c6 bxc6 40. Rxc6 Qf7 41. Rxa6
h3 42. Qe1 h2 43. Rh1 Ne7 44. Nxe7 Qxe7 45. Qf1 Qc5+ 46. Kg2 Nd7 47. Rxh2 Qc2+
48. Qf2 Rxh2+ 0-1

[Event "11. Abierto de la Constitucion"]
[Site "S.S. de los Reyes ESP"]
[Date "2009.12.04"]
[Round "5.11"]
[White "Ortega Ruiz, Jose Miguel"]
[Black "Rollano Carcajona, Ruben"]
[Result "1-0"]
[WhiteElo "2326"]
[BlackElo "1718"]
[PlyCount "81"]
[EventDate "2009.11.30"]
[EventType "swiss"]
[EventRounds "9"]
[EventCountry "ESP"]
[Source "lmi"]
[SourceDate "2009.11.30"]

1. e4 c6 2. d3 d5 3. Nd2 dxe4 4. dxe4 e5 5. Ngf3 Bg4 6. Bc4 Nd7 7. c3 b5 8. Be2
Ngf6 9. O-O Be7 10. Re1 O-O 11. Qc2 Rc8 12. Nf1 Re8 13. Ne3 Bh5 14. Nf5 Bf8 15.
h3 Bxf3 16. Bxf3 Kh8 17. a4 a6 18. axb5 axb5 19. Qb3 Nc5 20. Qxf7 Rc7 21. Qa2
Nd3 22. Rd1 Nxc1 23. Rxd8 Nxa2 24. Rxe8 Nxe8 25. Rxa2 Rc8 26. Bg4 Rb8 27. Ra6
c5 28. Re6 g6 29. Ne7 b4 30. cxb4 cxb4 31. b3 Kg7 32. Rxe5 h5 33. Be2 Kf6 34.
Nxg6 Bd6 35. Rd5 Ra8 36. e5+ Kxg6 37. exd6 Nf6 38. Rd4 Ra1+ 39. Kh2 Ra2 40.
Bd3+ Kf7 41. d7 1-0

[Event "11. Abierto de la Constitucion"]
[Site "S.S. de los Reyes ESP"]
[Date "2009.12.04"]
[Round "5.12"]
[White "Martinez Miura, Enrique"]
[Black "Castejon Caballero, Natalia"]
[Result "0-1"]
[WhiteElo "1747"]
[BlackElo "2102"]
[PlyCount "68"]
[EventDate "2009.11.30"]
[EventType "swiss"]
[EventRounds "9"]
[EventCountry "ESP"]
[Source "lmi"]
[SourceDate "2009.11.30"]

1. e4 c5 2. c4 Nc6 3. Nc3 g6 4. g3 Bg7 5. Bg2 d6 6. Nge2 Nf6 7. O-O O-O 8. d3
Ne8 9. Rb1 Nc7 10. h3 Rb8 11. f4 f5 12. Be3 Nd4 13. Bf2 Nce6 14. Nxd4 Nxd4 15.
Ne2 b5 16. Nxd4 cxd4 17. cxb5 Rxb5 18. b4 Be6 19. a4 Rb8 20. Qe2 Qd7 21. b5
fxe4 22. Bxe4 Bxh3 23. Bc6 Qd8 24. Rfe1 e5 25. fxe5 dxe5 26. Kh2 Bf5 27. Kg2
Qd6 28. Rf1 Qe6 29. Rh1 Bg4 30. Qd2 Qf5 31. Rh2 Bf3+ 32. Bxf3 Qxf3+ 33. Kg1
Rfc8 34. Rb3 e4 0-1

[Event "11. Abierto de la Constitucion"]
[Site "S.S. de los Reyes ESP"]
[Date "2009.12.04"]
[Round "5.13"]
[White "Garcia Martinez, Jorge"]
[Black "Lopez De Turiso Sanchez, Jose A"]
[Result "0-1"]
[WhiteElo "1738"]
[BlackElo "2094"]
[PlyCount "64"]
[EventDate "2009.11.30"]
[EventType "swiss"]
[EventRounds "9"]
[EventCountry "ESP"]
[Source "lmi"]
[SourceDate "2009.11.30"]

1. e4 e5 2. Nf3 Nc6 3. d4 exd4 4. Bc4 Nf6 5. e5 Ne4 6. Bd5 Nc5 7. Nxd4 Nxe5 8.
O-O Be7 9. Re1 d6 10. Bf4 O-O 11. Nc3 c6 12. b4 Ng6 13. bxc5 Nxf4 14. Bb3 dxc5
15. Nxc6 bxc6 16. Qf3 Bf6 17. Rad1 Qc7 18. Ne4 Be5 19. g3 Ne6 20. c3 Ba6 21.
Qe3 c4 22. Bc2 Qb6 23. Qxb6 axb6 24. f4 Bf6 25. Rd6 Bb5 26. Nxf6+ gxf6 27. f5
Ng5 28. Rxf6 Nf3+ 29. Kf2 Nxe1 30. Kxe1 Rxa2 31. Kd1 Rd8+ 32. Kc1 Kg7 0-1

[Event "11. Abierto de la Constitucion"]
[Site "S.S. de los Reyes ESP"]
[Date "2009.12.04"]
[Round "5.14"]
[White "Camarero Izquierdo, Juan Carlos"]
[Black "Fernandez Gil, Ruben Carlos"]
[Result "1-0"]
[WhiteElo "1930"]
[BlackElo "1662"]
[PlyCount "67"]
[EventDate "2009.11.30"]
[EventType "swiss"]
[EventRounds "9"]
[EventCountry "ESP"]
[Source "lmi"]
[SourceDate "2009.11.30"]

1. e4 e6 2. d4 d5 3. e5 c5 4. c3 Qb6 5. Nf3 Nc6 6. Bd3 Bd7 7. O-O cxd4 8. cxd4
Nxd4 9. Ng5 g6 10. Be3 Bc5 11. Nc3 h6 12. b4 Qxb4 13. Bxd4 Bxd4 14. Nxd5 exd5
15. Rb1 Qe7 16. e6 Qxg5 17. exd7+ Kf8 18. Qa4 Bf6 19. Rfe1 Ne7 20. Qb4 Kg7 21.
f4 Qg4 22. Rxe7 Bxe7 23. Qxe7 Qxf4 24. Rf1 Qd4+ 25. Kh1 Rhf8 26. Rd1 Qa4 27.
Rf1 Qd4 28. Be2 Rad8 29. h3 Qe4 30. Qf6+ Kg8 31. Bg4 h5 32. Bf5 gxf5 33. Rxf5
Rxd7 34. Rxh5 1-0

[Event "11. Abierto de la Constitucion"]
[Site "S.S. de los Reyes ESP"]
[Date "2009.12.04"]
[Round "5.15"]
[White "Garcia Lopez, Fernando"]
[Black "Montero Garcia, Fco Javier"]
[Result "1/2-1/2"]
[WhiteElo "1658"]
[BlackElo "1909"]
[PlyCount "38"]
[EventDate "2009.11.30"]
[EventType "swiss"]
[EventRounds "9"]
[EventCountry "ESP"]
[Source "lmi"]
[SourceDate "2009.11.30"]

1. e4 c5 2. Nf3 e6 3. d4 cxd4 4. Nxd4 Nf6 5. Nc3 Nc6 6. Ndb5 Bb4 7. Nd6+ Ke7 8.
Nxc8+ Rxc8 9. Bd3 d5 10. O-O dxe4 11. Nxe4 Nxe4 12. Bxe4 Qxd1 13. Rxd1 Rhd8 14.
Bg5+ f6 15. Be3 g6 16. c3 Rxd1+ 17. Rxd1 Bd6 18. a3 b6 19. Bxc6 Rxc6 1/2-1/2

[Event "11. Abierto de la Constitucion"]
[Site "S.S. de los Reyes ESP"]
[Date "2009.12.04"]
[Round "5.16"]
[White "Kalynovsky, Martin"]
[Black "Minguela Muñoz, Bienvenido"]
[Result "0-1"]
[WhiteElo "1601"]
[BlackElo "1904"]
[PlyCount "76"]
[EventDate "2009.11.30"]
[EventType "swiss"]
[EventRounds "9"]
[EventCountry "ESP"]
[Source "lmi"]
[SourceDate "2009.11.30"]

1. e4 c6 2. d4 d5 3. Nc3 dxe4 4. Nxe4 Nf6 5. Nxf6+ exf6 6. Be3 Bd6 7. Nf3 O-O
8. Bc4 Be6 9. Bd3 Nd7 10. O-O Re8 11. c4 Nf8 12. Qd2 Ng6 13. Rad1 Bg4 14. Be2
f5 15. Bg5 f6 16. c5 Bc7 17. Bc4+ Kf8 18. Bh6 Bxf3 19. gxf3 f4 20. d5 Be5 21.
dxc6 Qxd2 22. Rxd2 bxc6 23. Rd7 Re7 24. Rfd1 gxh6 25. Rd8+ Rxd8 26. Rxd8+ Re8
27. Rd7 Ne7 28. Rxa7 Bxb2 29. a4 Bd4 30. a5 Bxc5 31. Rb7 Ra8 32. a6 Ke8 33. Be6
Kf8 34. Bc4 Kg7 35. h4 f5 36. Kf1 Kf6 37. Ke2 Ke5 38. Kd3 Ra7 0-1

[Event "11. Abierto de la Constitucion"]
[Site "S.S. de los Reyes ESP"]
[Date "2009.12.04"]
[Round "5.17"]
[White "Jimenez Vera, Ruben"]
[Black "Alvarez Gonzalez, Eduardo"]
[Result "0-1"]
[WhiteElo "1554"]
[BlackElo "1868"]
[PlyCount "88"]
[EventDate "2009.11.30"]
[EventType "swiss"]
[EventRounds "9"]
[EventCountry "ESP"]
[Source "lmi"]
[SourceDate "2009.11.30"]

1. d4 Nf6 2. c4 e6 3. Nc3 Bb4 4. Qc2 Bxc3+ 5. bxc3 d6 6. Nf3 Nbd7 7. e4 e5 8.
d5 Nc5 9. Bg5 h6 10. Bxf6 Qxf6 11. h3 O-O 12. Be2 Qg6 13. Nh4 Qxe4 14. Qxe4
Nxe4 15. Bd3 Nc5 16. Bc2 Bd7 17. a4 a5 18. Kd2 f5 19. Nf3 Rf6 20. Rhb1 Raf8 21.
Ne1 b6 22. Nd3 Ne4+ 23. Ke3 Nxc3 24. Rb3 Nxa4 25. Rba3 Nc5 26. Nxc5 dxc5 27.
Rd1 Kf7 28. Rad3 f4+ 29. Ke2 Bf5 30. R3d2 Bxc2 31. Rxc2 Ke7 32. Kf3 Kd6 33. Re1
h5 34. Rce2 Re8 35. Re4 g5 36. g3 fxg3+ 37. Kxg3 Rf5 38. h4 g4 39. Rg1 Rf3+ 40.
Kh2 Ref8 41. Rf1 Rxf2+ 42. Rxf2 Rxf2+ 43. Kg3 Rf3+ 44. Kg2 Rf4 0-1

[Event "11. Abierto de la Constitucion"]
[Site "S.S. de los Reyes ESP"]
[Date "2009.12.04"]
[Round "5.19"]
[White "Garcia Fernandez, Antolin"]
[Black "Serrano Nuñez, Dario"]
[Result "1/2-1/2"]
[WhiteElo "1747"]
[BlackElo "1977"]
[PlyCount "84"]
[EventDate "2009.11.30"]
[EventType "swiss"]
[EventRounds "9"]
[EventCountry "ESP"]
[Source "lmi"]
[SourceDate "2009.11.30"]

1. e4 e5 2. Nf3 Nc6 3. d4 exd4 4. Bc4 Be7 5. c3 Nf6 6. e5 Ng4 7. cxd4 d5 8. Bb5
Bd7 9. Nc3 Nb4 10. Be2 Be6 11. a3 Nc6 12. Bb5 Qd7 13. h3 Nh6 14. Bg5 Ng8 15.
Rc1 Bxg5 16. Nxg5 Nge7 17. Na4 O-O 18. Nc5 Qc8 19. O-O Nd8 20. f4 c6 21. Bd3
Bf5 22. g4 h6 23. gxf5 Nxf5 24. Nh7 Kxh7 25. Qg4 g6 26. Bxf5 gxf5 27. Qh5 b6
28. Nd3 Qe6 29. Kh2 Rg8 30. Rg1 Rg6 31. Nb4 c5 32. dxc5 Rxg1 33. Kxg1 bxc5 34.
Rxc5 Qb6 35. Qxf5+ Kg8 36. Nd3 Ne6 37. b4 Nxc5 38. Nxc5 a5 39. e6 fxe6 40. Qg6+
Kh8 41. Qxh6+ Kg8 42. Qg6+ Kh8 1/2-1/2

[Event "11. Abierto de la Constitucion"]
[Site "S.S. de los Reyes ESP"]
[Date "2009.12.05"]
[Round "6.1"]
[White "Roa Alonso, Santiago"]
[Black "Hernando Pertierra, Jose C"]
[Result "1-0"]
[WhiteElo "2412"]
[BlackElo "2374"]
[PlyCount "55"]
[EventDate "2009.11.30"]
[EventType "swiss"]
[EventRounds "9"]
[EventCountry "ESP"]
[Source "lmi"]
[SourceDate "2009.11.30"]

1. e4 g6 2. d4 Bg7 3. Nf3 c6 4. h3 d5 5. Nbd2 Nh6 6. Bd3 O-O 7. O-O c5 8. dxc5
Nd7 9. Nb3 dxe4 10. Bxe4 Qc7 11. Be3 Nf6 12. Bd3 Nf5 13. Bxf5 Bxf5 14. Bd4 Be6
15. Re1 Rfd8 16. Qe2 Nd7 17. Bxg7 Kxg7 18. Nbd4 Nf8 19. b4 Rd7 20. Qe3 h6 21.
Ne5 Rd5 22. Nxe6+ Nxe6 23. c4 Rxe5 24. Qxe5+ Qxe5 25. Rxe5 a5 26. c6 b6 27.
Rxe6 fxe6 28. b5 1-0

[Event "11. Abierto de la Constitucion"]
[Site "S.S. de los Reyes ESP"]
[Date "2009.12.05"]
[Round "6.2"]
[White "Semprun Martinez, Fernando"]
[Black "Barria Zuñiga, Daniel"]
[Result "0-1"]
[WhiteElo "2170"]
[BlackElo "2429"]
[PlyCount "42"]
[EventDate "2009.11.30"]
[EventType "swiss"]
[EventRounds "9"]
[EventCountry "ESP"]
[Source "lmi"]
[SourceDate "2009.11.30"]

1. e4 c5 2. Nf3 e6 3. d4 cxd4 4. Nxd4 Nc6 5. Nc3 Qc7 6. Nxc6 bxc6 7. Bd3 Nf6 8.
O-O Be7 9. f4 d5 10. e5 Nd7 11. Na4 f5 12. exf6 Bxf6 13. c4 Nb6 14. cxd5 Nxd5
15. Bd2 O-O 16. Qc2 g6 17. Qc4 Rd8 18. Nc5 Nb6 19. Nxe6 Qd6 20. Nxd8+ Nxc4 21.
Bxc4+ Kg7 0-1

[Event "11. Abierto de la Constitucion"]
[Site "S.S. de los Reyes ESP"]
[Date "2009.12.05"]
[Round "6.3"]
[White "Cerrato Torrijos, Maria"]
[Black "Candela Perez, Jose"]
[Result "0-1"]
[WhiteElo "1973"]
[BlackElo "2416"]
[PlyCount "68"]
[EventDate "2009.11.30"]
[EventType "swiss"]
[EventRounds "9"]
[EventCountry "ESP"]
[Source "lmi"]
[SourceDate "2009.11.30"]

1. e4 c5 2. Nf3 d6 3. d4 cxd4 4. Nxd4 Nf6 5. Nc3 a6 6. h3 Bd7 7. g4 h6 8. Bg2
Nc6 9. Be3 Rc8 10. f4 e6 11. Qe2 Qc7 12. Qf2 Be7 13. g5 hxg5 14. fxg5 Nh5 15.
Nxc6 Bxc6 16. Rf1 Rf8 17. Bf3 g6 18. O-O-O b5 19. Ne2 Bd5 20. Nc3 Bc4 21. Kb1
Bxf1 22. Rxf1 b4 23. Nd1 Qc4 24. b3 Qb5 25. Be2 Qc6 26. Bd3 Kd7 27. Nb2 f6 28.
Rd1 fxg5 29. Qd2 Nf4 30. Bc4 Rb8 31. Bxf4 Rxf4 32. Nd3 Rxe4 33. Nxb4 Qb6 34.
Qd3 Rxc4 0-1

[Event "11. Abierto de la Constitucion"]
[Site "S.S. de los Reyes ESP"]
[Date "2009.12.05"]
[Round "6.4"]
[White "Taboas Rodriguez, Daniel"]
[Black "Elissalt Cardenas, Hector"]
[Result "1/2-1/2"]
[WhiteElo "2359"]
[BlackElo "2358"]
[PlyCount "98"]
[EventDate "2009.11.30"]
[EventType "swiss"]
[EventRounds "9"]
[EventCountry "ESP"]
[Source "lmi"]
[SourceDate "2009.11.30"]

1. d4 f5 2. Bg5 h6 3. Bh4 g5 4. e4 Nf6 5. e5 e6 6. Bg3 f4 7. Bxf4 gxf4 8. exf6
Qxf6 9. Qh5+ Qf7 10. Qxf7+ Kxf7 11. Nc3 d5 12. O-O-O c5 13. Nh3 cxd4 14. Rxd4
Bd6 15. g3 Nc6 16. Rd1 fxg3 17. fxg3 Bd7 18. Bg2 Be5 19. Rhf1+ Ke7 20. Nf4
Bxf4+ 21. Rxf4 Raf8 22. Ne2 e5 23. Rxf8 Rxf8 24. Bxd5 Rf2 25. Nc3 Rxh2 26. Rh1
Rxh1+ 27. Bxh1 b6 28. Kd2 Nd4 29. Nd5+ Kf7 30. Ne3 Be6 31. Be4 Nb5 32. a3 Nd6
33. Bd3 Kf6 34. c4 e4 35. Be2 Ke5 36. Kc3 Nb7 37. b4 Nd8 38. Ng4+ Bxg4 39. Bxg4
Nb7 40. Bd7 a5 41. Bg4 Nd6 42. Bh3 e3 43. Bf1 axb4+ 44. axb4 Ne4+ 45. Kd3 Nxg3
46. Be2 Nxe2 47. Kxe2 Kd4 48. c5 bxc5 49. bxc5 Kxc5 1/2-1/2

[Event "11. Abierto de la Constitucion"]
[Site "S.S. de los Reyes ESP"]
[Date "2009.12.05"]
[Round "6.5"]
[White "Vidaurre Vargas, Luis Alberto"]
[Black "Almagro Llamas, Pablo"]
[Result "0-1"]
[WhiteElo "1879"]
[BlackElo "2453"]
[PlyCount "97"]
[EventDate "2009.11.30"]
[EventType "swiss"]
[EventRounds "9"]
[EventCountry "ESP"]
[Source "lmi"]
[SourceDate "2009.11.30"]

1. d4 Nf6 2. c4 e6 3. Nc3 Bb4 4. e3 b6 5. Nf3 Bb7 6. Be2 Ne4 7. Qc2 f5 8. O-O
Bxc3 9. bxc3 O-O 10. Ba3 Rf6 11. Rad1 Qe8 12. d5 exd5 13. cxd5 Na6 14. c4 d6
15. Bb2 Rf8 16. Nd4 Bc8 17. Ne6 Bxe6 18. dxe6 Nac5 19. f3 Ng5 20. Bd3 Nxd3 21.
Qxd3 Nxe6 22. e4 fxe4 23. fxe4 Qg6 24. Rf5 h6 25. Rdf1 Nc5 26. Qf3 Nd7 27. Qd3
Rad8 28. e5 Rxf5 29. Rxf5 Rf8 30. Rxf8+ Nxf8 31. Qxg6 Nxg6 32. exd6 cxd6 33.
Ba3 Ne5 34. Bxd6 Nxc4 35. Bg3 Kf7 36. Kf2 Ke6 37. Ke2 b5 38. Kd3 Kd5 39. Be1 h5
40. Bh4 a5 41. Bd8 g6 42. a3 a4 43. Be7 Ne5+ 44. Kc3 Ng4 45. h4 Ne3 46. Kb4 Kc6
47. g3 Nd5+ 48. Ka5 Nxe7 49. Ka6 0-1

[Event "11. Abierto de la Constitucion"]
[Site "S.S. de los Reyes ESP"]
[Date "2009.12.05"]
[Round "6.6"]
[White "Barez Menendez, Hector"]
[Black "Gemy Vargas, Jose Daniel"]
[Result "0-1"]
[WhiteElo "2144"]
[BlackElo "2187"]
[PlyCount "76"]
[EventDate "2009.11.30"]
[EventType "swiss"]
[EventRounds "9"]
[EventCountry "ESP"]
[Source "lmi"]
[SourceDate "2009.11.30"]

1. Nf3 Nf6 2. c4 c5 3. g3 Nc6 4. Bg2 e5 5. O-O Be7 6. Nc3 d6 7. d3 h6 8. a3 O-O
9. Rb1 Rb8 10. b4 b6 11. e3 Be6 12. b5 Na5 13. e4 Bg4 14. h3 Bh5 15. Qa4 g5 16.
Bd2 Qc7 17. Ne1 Nb7 18. Nc2 Nd8 19. f4 exf4 20. gxf4 Ne6 21. fxg5 hxg5 22. Rf2
d5 23. Rbf1 d4 24. Nd5 Nxd5 25. cxd5 Ng7 26. Qb3 Qg3 27. Ne1 Bd6 28. Nf3 Rbe8
29. Be1 Bxf3 30. Rxf3 Qh2+ 31. Kf2 f5 32. Rh1 Qe5 33. Ke2 c4 34. dxc4 fxe4 35.
Rxf8+ Rxf8 36. Kd1 Nf5 37. Bd2 e3 38. Re1 Qh2 0-1

[Event "11. Abierto de la Constitucion"]
[Site "S.S. de los Reyes ESP"]
[Date "2009.12.05"]
[Round "6.7"]
[White "Esquivias Gomez, Fco. Javier"]
[Black "Suarez Uriel, Adrian"]
[Result "0-1"]
[WhiteElo "2004"]
[BlackElo "2119"]
[PlyCount "114"]
[EventDate "2009.11.30"]
[EventType "swiss"]
[EventRounds "9"]
[EventCountry "ESP"]
[Source "lmi"]
[SourceDate "2009.11.30"]

1. e4 b6 2. d4 e6 3. Be3 Bb7 4. Nd2 Nf6 5. Bd3 c5 6. dxc5 bxc5 7. Ngf3 d5 8.
Bb5+ Bc6 9. Bxc6+ Nxc6 10. exd5 Nxd5 11. Nc4 Nxe3 12. Nxe3 Be7 13. O-O O-O 14.
c3 Qc7 15. Qe2 Rab8 16. Nc4 Bf6 17. Rad1 Ne7 18. Nfd2 Nd5 19. Ne4 Be7 20. g3
Rfe8 21. f4 Nb6 22. Ned2 Bf6 23. Nxb6 axb6 24. Ne4 Be7 25. Qb5 Red8 26. c4 Qb7
27. Nf2 Bf6 28. Qb3 Bd4 29. h3 Qe4 30. Kh2 Qe2 31. Kg2 Qxb2 32. Qxb2 Bxb2 33.
Nd3 Bd4 34. Ne5 Ra8 35. Rd2 Bxe5 36. Rxd8+ Rxd8 37. fxe5 Rd2+ 38. Kf3 Rxa2 39.
Rb1 Ra6 40. Rd1 g6 41. Rd6 Ra4 42. Rxb6 Rxc4 43. Rb8+ Kg7 44. Rc8 Rc3+ 45. Kf4
c4 46. h4 Rc2 47. Kf3 c3 48. Rc7 Rc1 49. Kg2 c2 50. Kh2 h6 51. Kg2 g5 52. hxg5
hxg5 53. Kh2 Kg6 54. g4 Re1 55. Rxc2 Rxe5 56. Rf2 f5 57. gxf5+ exf5 0-1

[Event "11. Abierto de la Constitucion"]
[Site "S.S. de los Reyes ESP"]
[Date "2009.12.05"]
[Round "6.8"]
[White "Berzal Llorente, Jorge"]
[Black "Muñoz Muñoz, Pablo"]
[Result "0-1"]
[WhiteElo "2122"]
[BlackElo "2027"]
[PlyCount "80"]
[EventDate "2009.11.30"]
[EventType "swiss"]
[EventRounds "9"]
[EventCountry "ESP"]
[Source "lmi"]
[SourceDate "2009.11.30"]

1. e4 c5 2. Nf3 d6 3. c3 Nf6 4. Be2 Nc6 5. d4 cxd4 6. cxd4 Nxe4 7. d5 Qa5+ 8.
Nc3 Nxc3 9. bxc3 Ne5 10. O-O g6 11. Nxe5 dxe5 12. Qb3 Bd7 13. Qxb7 Rc8 14. Be3
Bg7 15. Rab1 Rc7 16. Qb8+ Rc8 17. Qxa7 Qxa7 18. Bxa7 Rxc3 19. Rfc1 Rxc1+ 20.
Rxc1 O-O 21. Rc7 Bf5 22. Rb7 Be4 23. Bc4 e6 24. Rb8 exd5 25. Bb3 Rxb8 26. Bxb8
d4 27. Bd6 Bd3 28. a4 e4 29. Bf4 Kf8 30. g4 h6 31. h4 f6 32. Bd6+ Ke8 33. Bc5
f5 34. gxf5 gxf5 35. Be6 f4 36. Bd6 f3 37. Bf4 Ke7 38. Bc8 Bf6 39. a5 Bxh4 40.
a6 e3 0-1

[Event "11. Abierto de la Constitucion"]
[Site "S.S. de los Reyes ESP"]
[Date "2009.12.05"]
[Round "6.9"]
[White "Alvarez Gonzalez, Eduardo"]
[Black "Ortega Ruiz, Jose Miguel"]
[Result "0-1"]
[WhiteElo "1868"]
[BlackElo "2326"]
[PlyCount "48"]
[EventDate "2009.11.30"]
[EventType "swiss"]
[EventRounds "9"]
[EventCountry "ESP"]
[Source "lmi"]
[SourceDate "2009.11.30"]

1. d4 Nf6 2. Nf3 d5 3. c4 c6 4. Qc2 g6 5. Bf4 Bf5 6. Qb3 Qb6 7. Nbd2 dxc4 8.
Qxb6 axb6 9. Nxc4 Nd5 10. Bd2 Bg7 11. e3 Na6 12. a3 b5 13. Nce5 f6 14. Nd3 e5
15. dxe5 fxe5 16. Ndxe5 Nc5 17. Rd1 O-O 18. Bc1 Rfe8 19. Nd3 Nb3 20. Be2 Bxd3
21. Bxd3 Nxc1 22. Rxc1 Bxb2 23. Rc2 Bc3+ 24. Ke2 Nf4+ 0-1

[Event "11. Abierto de la Constitucion"]
[Site "S.S. de los Reyes ESP"]
[Date "2009.12.05"]
[Round "6.10"]
[White "Cavalle Pulla, Daniel"]
[Black "Quevedo Marin, Manuel"]
[Result "0-1"]
[WhiteElo "1812"]
[BlackElo "2171"]
[PlyCount "106"]
[EventDate "2009.11.30"]
[EventType "swiss"]
[EventRounds "9"]
[EventCountry "ESP"]
[Source "lmi"]
[SourceDate "2009.11.30"]

1. e4 c5 2. Nf3 d6 3. c3 Nf6 4. Be2 Bg4 5. O-O e6 6. e5 Nfd7 7. d4 d5 8. a3 Nc6
9. Be3 Qb6 10. b4 Bxf3 11. Bxf3 cxd4 12. cxd4 a5 13. bxa5 Rxa5 14. Qd2 Qa7 15.
Qb2 Be7 16. Bd2 Ra6 17. Be2 Rb6 18. Bb4 O-O 19. Qc3 Rxb4 20. axb4 Qxd4 21. b5
Bb4 22. Qxd4 Nxd4 23. Ra2 Nxe5 24. Rd1 Nxe2+ 25. Rxe2 Nc4 26. Rd3 Ra8 27. Rb3
Bc5 28. g3 Ra1 29. Kg2 Bd4 30. Nd2 Ra2 31. Rd3 Bf6 32. Rxd5 g6 33. Rd7 b6 34.
Rxe6 Rxd2 35. Rxd2 fxe6 36. Rc2 Na3 37. Rc6 Bd4 38. Rxe6 Nxb5 39. Re7 Bc5 40.
Rd7 Nd4 41. f4 b5 42. Rd5 Ne6 43. Kf3 b4 44. Ke4 b3 45. Kd3 Bd4 46. f5 gxf5 47.
Rxf5 Bg7 48. Rb5 b2 49. h4 Kf7 50. Ke4 Nc5+ 51. Ke3 Ke6 52. g4 Kd5 53. g5 Kc4
0-1

[Event "11. Abierto de la Constitucion"]
[Site "S.S. de los Reyes ESP"]
[Date "2009.12.05"]
[Round "6.11"]
[White "Castejon Caballero, Natalia"]
[Black "Camarero Izquierdo, Juan Carlos"]
[Result "1-0"]
[WhiteElo "2102"]
[BlackElo "1930"]
[PlyCount "21"]
[EventDate "2009.11.30"]
[EventType "swiss"]
[EventRounds "9"]
[EventCountry "ESP"]
[Source "lmi"]
[SourceDate "2009.11.30"]

1. e4 c5 2. c3 e6 3. d4 cxd4 4. cxd4 Nf6 5. Bd3 Nc6 6. Nf3 Nb4 7. Nc3 Nxd3+ 8.
Qxd3 Qa5 9. O-O b6 10. Nb5 Ba6 11. Nc7+ 1-0

[Event "11. Abierto de la Constitucion"]
[Site "S.S. de los Reyes ESP"]
[Date "2009.12.05"]
[Round "6.12"]
[White "Lopez De Turiso Sanchez, Jose A"]
[Black "Minguela Muñoz, Bienvenido"]
[Result "1-0"]
[WhiteElo "2094"]
[BlackElo "1904"]
[PlyCount "59"]
[EventDate "2009.11.30"]
[EventType "swiss"]
[EventRounds "9"]
[EventCountry "ESP"]
[Source "lmi"]
[SourceDate "2009.11.30"]

1. d4 d5 2. c4 e6 3. cxd5 exd5 4. Nc3 Nf6 5. Bg5 c6 6. e3 Bb4 7. Qc2 O-O 8. Bd3
Nbd7 9. Bxh7+ Kh8 10. Bd3 Re8 11. Nf3 Qc7 12. O-O Bxc3 13. bxc3 Ne4 14. Bf4 Qd8
15. Bxe4 dxe4 16. Ng5 Qe7 17. f3 Nb6 18. fxe4 Be6 19. e5 g6 20. Qf2 Kg7 21. Ne4
Nd7 22. Bg5 Qf8 23. Nf6 Nxf6 24. Bxf6+ Kh7 25. Qh4+ Qh6 26. Rf4 Qh5 27. Qg3 g5
28. Bxg5 Qg6 29. Rh4+ Kg8 30. Bf6 1-0

[Event "11. Abierto de la Constitucion"]
[Site "S.S. de los Reyes ESP"]
[Date "2009.12.05"]
[Round "6.13"]
[White "Rial Rodriguez, Javier"]
[Black "Mansilla Tolosa, Luis E"]
[Result "0-1"]
[WhiteElo "1786"]
[BlackElo "2099"]
[PlyCount "72"]
[EventDate "2009.11.30"]
[EventType "swiss"]
[EventRounds "9"]
[EventCountry "ESP"]
[Source "lmi"]
[SourceDate "2009.11.30"]

1. e4 c5 2. c3 d6 3. d4 cxd4 4. cxd4 g6 5. Bc4 Bg7 6. Nf3 e6 7. Bg5 Ne7 8. O-O
h6 9. Be3 O-O 10. Kh1 b6 11. Nc3 Bb7 12. Qc1 Kh7 13. Ng1 Nbc6 14. Nge2 Rc8 15.
Bb3 Na5 16. Bc2 f5 17. exf5 Nxf5 18. Bf4 Nc6 19. Bxf5 exf5 20. Qd2 g5 21. Be3
Ne7 22. f3 Ng6 23. d5 Ne5 24. Nd4 Qe7 25. Ne6 Nc4 26. Qe2 Nxe3 27. Nxf8+ Rxf8
28. Rfe1 f4 29. Qd3+ Kh8 30. Rac1 a6 31. b3 Qf7 32. Ne4 Be5 33. Nc3 Qg7 34. Na4
Nxd5 35. Rcd1 b5 36. Qe4 Ne3 0-1

[Event "11. Abierto de la Constitucion"]
[Site "S.S. de los Reyes ESP"]
[Date "2009.12.05"]
[Round "6.14"]
[White "Ananian, Arman"]
[Black "Sanchez Delgado, Lidia"]
[Result "1/2-1/2"]
[WhiteElo "1777"]
[BlackElo "2020"]
[PlyCount "69"]
[EventDate "2009.11.30"]
[EventType "swiss"]
[EventRounds "9"]
[EventCountry "ESP"]
[Source "lmi"]
[SourceDate "2009.11.30"]

1. e4 c5 2. Nf3 Nc6 3. d4 cxd4 4. Nxd4 g6 5. c4 Bg7 6. Be3 d6 7. Be2 Nf6 8. Nc3
O-O 9. Qd2 Bd7 10. h4 h5 11. Rc1 Rb8 12. f3 a6 13. Bg5 Nxd4 14. Qxd4 b5 15. b3
bxc4 16. Bxc4 Qa5 17. Qd2 Rfe8 18. Nd5 Qxd2+ 19. Kxd2 Nxd5 20. Bxd5 e6 21. Bc6
Bxc6 22. Rxc6 d5 23. exd5 exd5 24. Rxa6 Rb4 25. Be3 Rb7 26. Bc5 Rc8 27. b4 Bf8
28. Bxf8 Kxf8 29. a3 Rbc7 30. Kd3 Rc2 31. Rg1 R8c4 32. b5 R2c3+ 33. Kd2 Rc2+
34. Kd3 R2c3+ 35. Kd2 1/2-1/2